Ricostruisci la Carriera del Calciatore - Maicon - Statistics

Statistiche generali
  • Questo quiz è stato fatto 4 volte
  • Il punteggio medio è 5 su 10
Statistiche sulle risposte
Hint Risposta % Corretto
2001-2004 Cruzeiro
75%
2012-2013 Manchester City
75%
2020 Villa Nova
75%
2019 Criciúma
50%
2006-2012 Inter
50%
2013-2016 Roma
50%
2021 Sona
50%
2017 Avaí
25%
2004-2006 Monaco
25%
2021 Tre Penne
25%
Nessun quiz corrispondente trovato
Distribuzione punteggi
Percentuale di utenti per punteggio
Percentile per numero di risposta
I tuoi punteggi nel tempo
Non hai fatto questo quiz